|
|
|
|
| LEADER |
00000nam2a2200000 4500 |
| 001 |
163579 |
| 005 |
20231101222416.0 |
| 010 |
|
|
|a 5211003306
|
| 035 |
|
|
|a (RuTPU)RU\TPU\book\177476
|
| 090 |
|
|
|a 163579
|
| 100 |
|
|
|a 20090819d1992 k y0rusy5003 ca
|
| 101 |
0 |
|
|a rus
|
| 102 |
|
|
|a RU
|
| 105 |
|
|
|a a z 001zy
|
| 200 |
0 |
|
|a Вып. 37 : Физика
|
| 210 |
|
|
|d 1992
|
| 215 |
|
|
|d 25 см
|a 279 с.
|c ил.
|
| 461 |
|
1 |
|0 (RuTPU)RU\TPU\book\174595
|t История и методология естественных наук
|o сборник статей
|f Московский государственный университет им. М. В. Ломоносова (МГУ)
|v Вып. 37 : Физика
|d 1960-1992
|
| 606 |
1 |
|
|a Естествознание
|x История
|2 stltpush
|3 (RuTPU)RU\TPU\subj\38880
|9 59129
|
| 606 |
1 |
|
|a Физическая наука
|x История
|2 stltpush
|3 (RuTPU)RU\TPU\subj\63824
|9 80761
|
| 610 |
1 |
|
|a физика
|
| 610 |
1 |
|
|a методология
|
| 610 |
1 |
|
|a гравитация
|
| 610 |
1 |
|
|a теория относительности
|
| 675 |
|
|
|a 50
|v 4
|
| 675 |
|
|
|a 53(09)
|v 4
|
| 801 |
|
1 |
|a RU
|b 63413507
|c 20090819
|
| 801 |
|
2 |
|a RU
|b 63413507
|c 20170126
|g RCR
|
| 942 |
|
|
|c BK
|